El Desarrollo de las ciencias sociales en El Salvador y su aporte al conocimiento de la realidad del país
Salvato in:
| Autore principale: | |
|---|---|
| Ente Autore: | |
| Natura: | testo |
| Pubblicazione: |
San José:
CSUCA
|
| Tags: |
Aggiungi Tag
Nessun Tag, puoi essere il primo ad aggiungerne!!
|
MARC
| LEADER | 00000 a a2200000 04500 | ||
|---|---|---|---|
| 001 | 21550 | ||
| 003 | |||
| 040 | |||
| 090 | |a 095400 | ||
| 100 | |a Lungo Uclés, Mario | ||
| 110 | |a CSUCA | ||
| 245 | |a El Desarrollo de las ciencias sociales en El Salvador y su aporte al conocimiento de la realidad del país | ||
| 260 | |a San José: |b CSUCA | ||
| 300 | |a 16 p. | ||
| 999 | |c 11857 |d 11857 | ||
| 773 | 0 | |0 18728 |9 4435 |a Universidad de Costa Rica. |d San José, Costa Rica Editorial UCR 1959- |o 16816 |t Revista de Ciencias Sociales/ |x 04825276 | |
